[Event "NOR-chB"]
[Site "Oslo"]
[Date "2023.07.03"]
[Round "3"]
[White "Coloma, Carles"]
[Black "Aas, Robert"]
[Result "1/2-1/2"]
[WhiteElo "1689"]
[BlackElo "1598"]
[PlyCount "99"]
[EventDate "2023.06.30"]
[EventType "swiss"]
[EventRounds "9"]
[EventCountry "NOR"]
[SourceTitle "EXT 2024"]
[Source "ChessBase"]
[SourceDate "2023.10.10"]
[SourceVersion "1"]
[SourceVersionDate "2023.10.10"]
[SourceQuality "1"]

1. e4 c5 2. c3 Nf6 3. e5 Nd5 4. d4 cxd4 5. Nf3 Nc6 6. Bc4 Nb6 7. Bb3 d5 8. exd6 Qxd6 9. Nxd4 Nxd4 10. cxd4 Be6 11. 0-0 Bxb3 12. Qxb3 g6 13. Qb5+ Qd7 14. Qe5 f6 15. Qe4 Kf7 16. Nd2 Bg7 17. Nf3 Rhe8 18. Re1 Kg8 19. h4 Qd5 20. Bd2 Qxe4 21. Rxe4 Kf7 22. Rc1 Rac8 23. Rc5 Red8 24. Re1 Nc4 25. Rxc8 Rxc8 26. Bb4 Bf8 27. Rc1 Nb6 28. Rxc8 Nxc8 29. Kf1 e6 30. Bxf8 Kxf8 31. Ke2 h5 32. Kd3 Ke7 33. Nd2 Nd6 34. a4 Nf5 35. g3 g5 36. hxg5 fxg5 37. Ne4 h4 38. Nxg5 hxg3 39. fxg3 Nxg3 40. a5 Nf5 41. Ne4 Nd6 42. Nc5 b6 43. axb6 axb6 44. Na4 b5 45. Nc5 Nc4 46. b3 Na5 47. Ke4 Kd6 48. b4 Nc6 49. Nxe6 Nxb4 50. Kf3 1/2-1/2